Eva María : drama del genio femenino /
Furkejuvvon:
| Váldodahkki: | |
|---|---|
| Eará dahkkit: | |
| Materiálatiipa: | Dovdameahttun |
| Giella: | Spanish |
| Almmustuhtton: |
[Lugar de publicación no identificado] :
Ediciones Promesa,
1993.
|
| Ráidu: | (Poesía ;
número 24) |
| Fáttát: | |
| Fáddágilkorat: |
Lasit fáddágilkoriid
Eai fáddágilkorat, Lasit vuosttaš fáddágilkora!
|
MARC
| LEADER | 000000000a22000000004500 | ||
|---|---|---|---|
| 001 | 003374 | ||
| 020 | |a 9977947627 | ||
| 041 | 0 | |a spa | |
| 082 | 0 | 4 | |a CR861.4 |b O83e |
| 100 | 1 | |a Ospina Garcés de Fonseca, Helena | |
| 245 | 1 | 0 | |a Eva María : |b drama del genio femenino / |c Helena Ospina Garcés de Fonseca ; Gustavo González Villanueva, presentación. |
| 260 | 1 | |a [Lugar de publicación no identificado] : |b Ediciones Promesa, |c 1993. | |
| 300 | |a 122 páginas ; |e + 1 disco compacto (3/4 pulgadas) | ||
| 490 | 1 | |a (Poesía ; |v número 24) | |
| 500 | |a La biblioteca posee otro ejemplar con número de inscripción 14159 | ||
| 650 | 4 | |a LITERATURA COSTARRICENSE | |
| 650 | 4 | |a POESIA | |
| 700 | 1 | |a González Villanueva, Gustavo, |e presentación | |
| 999 | |c 9609 |d 9609 | ||
| 942 | |c BK |h CR861.4 O83e |2 z | ||



